000 00340nam a2200133Ia 4500
008 240624s9999 xx 000 0 und d
041 _aeng
082 _a332.6 ALT
100 _aALTUCHER JAMES
245 _aTRADE LIKE WARREN BUFFETT
260 _c2005
_aNew Jersey
_bJohn Wiley and Sons
300 _aix, : 246 : p. : cm. ; 23
365 _cRS
999 _c9519
_d9519